First 25 U.S. Presidents by Picture - Sudden Death - Statistics

General Stats
  • This quiz has been taken 357 times
  • The average score is 14 of 25
Answers on the Grid
Answers color-coded by a green-red scale on the quiz's grid according to % correct below.
 
Answer Stats
Answer % Correct
Abraham Lincoln
72%
George Washington
67%
Martin Van Buren
66%
John Quincy Adam
65%
James K. Polk
64%
Thomas Jefferson
63%
John Tyler
62%
Andrew Jackson
61%
James Buchanan
59%
Franklin Pierce
59%
Zachary Taylor
58%
John Adams
58%
William Henry Harrison
56%
James Madison
56%
Rutherford B. Hayes
55%
James Monroe
55%
Andrew Johnson
54%
Ulysses S. Grant
54%
Millard Fillmore
50%
James Garfield
49%
Benjamin Harrison
47%
William McKinley
38%
Grover Cleveland
35%
Chester A. Arthur
35%
Theodore Roosevelt
25%
No matching quizzes found
Score Distribution
Percent of People with Each Score
Percentile by Number Answered
Your Score History
You have not taken this quiz